Statistiche per I Paesi del Mondo per Confini in 90 Secondi

Clicka qui per fare il quiz!

Statistiche generali

  • Questo quiz è stato fatto 10.462 volte
  • Il punteggio medio è 106 su 157

Risposte nella Mappa

Le risposte nella mappa del quiz sottostante sono codificate secondo una scala di colori dal rosso al verde in base alla % di persone che hanno risposto correttamente.
Caricamento ...
 

Statistiche sulle risposte

Paese% Corretto
Francia
97%
Stati Uniti
95%
Russia
95%
Cina
94%
Svizzera
94%
Kazakistan
93%
Brasile
93%
Mongolia
93%
Polonia
92%
Canada
92%
Italia
92%
Corea del Nord
92%
Bolivia
91%
Ucraina
91%
Austria
91%
Argentina
91%
Messico
91%
Finlandia
90%
Perù
90%
Pakistan
90%
Norvegia
90%
India
90%
Colombia
90%
Nepal
89%
Paraguay
89%
Birmania
89%
Bielorussia
89%
Azerbaijan
89%
Libia
88%
Germania
88%
Bhutan
88%
Uruguay
87%
Spagna
87%
Venezuela
86%
Lituania
85%
Slovenia
85%
Suriname
85%
Sudan
84%
Algeria
84%
Lettonia
82%
Guyana
82%
Marocco
82%
Niger
81%
Turchia
81%
Estonia
81%
Iraq
81%
Repubblica Centrafricana
79%
Georgia
79%
Sud Sudan
79%
Repubblica Democratica
del Congo
78%
Belgio
77%
Mali
77%
Zambia
77%
Afghanistan
77%
San Marino
77%
Città del Vaticano
77%
Cile
77%
Mauritania
76%
Camerun
76%
Tanzania
76%
Regno Unito
76%
Egitto
76%
Iran
75%
Lussemburgo
75%
Paesi Bassi
75%
Arabia Saudita
75%
Ciad
75%
Namibia
75%
Sudafrica
74%
Angola
74%
Botswana
74%
Bulgaria
74%
Repubblica Ceca
73%
Repubblica del Congo
73%
Zimbabwe
73%
Danimarca
73%
Laos
72%
Uganda
72%
Mozambico
72%
Oman
70%
Giordania
70%
Portogallo
70%
Etiopia
70%
Yemen
70%
Emirati Arabi Uniti
69%
Armenia
69%
Guatemala
69%
Ungheria
69%
Vietnam
68%
Ruanda
68%
Gabon
67%
Andorra
67%
Serbia
67%
Burundi
67%
Romania
66%
Burkina Faso
66%
Swaziland
66%
Grecia
65%
Lesotho
64%
Kenya
64%
Somalia
62%
Kuwait
62%
Macedonia del
Nord
61%
Belize
60%
Sri Lanka
60%
Kirghizistan
60%
Turkmenistan
60%
Svezia
60%
Tagikistan
60%
Nigeria
60%
Bangladesh
59%
Tunisia
59%
Malesia
58%
Indonesia
57%
Qatar
57%
Guinea
57%
Croazia
56%
Siria
56%
Ecuador
56%
Costa d'Avorio
56%
Panama
56%
Gibuti
55%
Montenegro
55%
Costa Rica
55%
Israele
54%
Senegal
53%
Papua Nuova Guinea
53%
Eritrea
53%
Irlanda
53%
Benin
52%
Albania
51%
Bosnia
ed Erzegovina
50%
Thailandia
48%
Cambogia
48%
Timor Est
48%
Honduras
48%
Slovacchia
47%
Kosovo
46%
Nicaragua
45%
Ghana
44%
Moldavia
43%
Togo
42%
El Salvador
40%
Liberia
35%
Uzbekistan
32%
Sierra Leone
30%
Repubblica Dominicana
30%
Haiti
30%
Malawi
29%
Guinea-Bissau
26%
Libano
26%
Monaco
22%
Corea del Sud
19%
Gambia
19%
Liechtenstein
16%
Guinea
Equatoriale
15%
Brunei
11%

Distribuzione punteggi

Percentile per numero di risposta

Percentuale di utenti per punteggio

I tuoi punteggi nel tempo

Non hai fatto questo quiz